000 00661nam a22001937a 4500
005 20100726115014.0
010 _aENG-96921
020 _a9788189937867
_c600.00
035 _aEN-80454
037 _bDBAD/PUB
082 _a920
245 _aBaba Amte :
_bcharity destroys, work builds /
_cedited by Shaikh A. Iqbal
260 _aNew Delhi
_bArise Publishers
_c2008
270 _a4648/1, 21, Ansari Road, Darya Ganj
_bNew Delhi
_e110002
300 _a240 p.
_c24cm (Hb)
700 _aIqbal, Shaikh A.
_91407
942 _2ddc
_cEN
_h920
_mBAB
999 _c37656
_d37656